Η ατμοσφαιρική ρύπανση της Αθήνας μέσα από τις σελίδες του τύπου : 1975-1980 : πτυχιακή εργασία
Αποθηκεύτηκε σε:
| Κύριος συγγραφέας: | |
|---|---|
| Συγγραφή απο Οργανισμό/Αρχή: | |
| Μορφή: | Thesis Βιβλίο |
| Γλώσσα: | Greek |
| Δημοσίευση: |
1998.
|
| Θέματα: | |
| Διαθέσιμο Online: | http://hdl.handle.net/11610/10180 |
| Ετικέτες: |
Προσθήκη ετικέτας
Δεν υπάρχουν, Καταχωρήστε ετικέτα πρώτοι!
|
MARC
| LEADER | 00000cam a2200000 i 4500 | ||
|---|---|---|---|
| 001 | 1/12447 | ||
| 008 | 000922s1998 gr ||| | gre|| | ||
| 035 | |l 10064213 | ||
| 040 | |a GR-MY-UA |b gre |e aacr | ||
| 041 | 0 | |a gre | |
| 082 | 0 | |a 363.7 |2 (22) | |
| 100 | 1 | |a Μέρμυγκας, Διονύσης. | |
| 245 | 1 | 2 | |a Η ατμοσφαιρική ρύπανση της Αθήνας μέσα από τις σελίδες του τύπου : |b 1975-1980 : πτυχιακή εργασία / |c Μέρμυγκα Διονύση ; επόπτης καθηγητής Νίκος Ράπτης. |
| 260 | |c 1998. | ||
| 300 | |a 99 σ.; |c 30 εκ. | ||
| 502 | |a Πτυχιακή εργασία – Πανεπιστήμιο Αιγαίου, Λέσβος, 1998. | ||
| 504 | |a Περιέχει βιβλιογραφία. | ||
| 650 | 0 | 0 | |a Air |x Pollution |z Greece |z Athens. |
| 650 | 0 | 0 | |a Newspapers |x Sections, columns, etc. |x Pollution. |
| 650 | 0 | 0 | |a Dissertations, Academic |z Greece. |
| 700 | 1 | |a Ράπτης, Νίκος, |e dgs | |
| 710 | 2 | |a Πανεπιστήμιο Αιγαίου. |b Σχολή Περιβάλλοντος. |b Τμήμα Περιβάλλοντος. | |
| 852 | |a INST |b LESVOS |c DIATR |e 20000922 |h 597 |p 005100027447 |q 005100027447 |t DIE |y 23 | ||
| 852 | |a INST |b LESVOS |c DIATR |e 20000922 |h 598 |p 005100027446 |q 005100027446 |t DIE |y 23 | ||
| 856 | |u http://hdl.handle.net/11610/10180 | ||
| 901 | |a BIBL1-2000-3 | ||
| 924 | |a ΜΕΡΜΥΓΚΑΣ |b ΔΙΟΝΥΣΗΣ |y Λέσβος |z 2000-09 | ||
| 970 | |a ΚΑΜΑΤΣΟΥ |b ΔΕΣΠΟΙΝΑ |z 2000/09/22 | ||